Polskie kluby piłkarskie 3 ligi - grupa 4 - Statystyki

Ogólne statystyki
  • Ten quiz został rozwiązany 23 razy
  • Średni wynik to 8 z 18
Statystyki odpowiedzi
# Grupa 1 - kluby % Poprawnych
9 KSZO Ostrowiec
81%
2 Siarka Tarnobrzeg
76%
4 Avia Świdnik
62%
8 Czarni Połaniec
57%
14 Unia Tarnów
57%
12 Wisłoka Dębica
57%
3 Star Starachowice
52%
10 Garbarnia Kraków
48%
13 Podhale Nowy Targ
43%
17 Sokół Sieniawa
43%
5 Chełmianka Chełm
38%
18 Karpaty Krosno
38%
15 KS Wiązownica
38%
7 Podlasie Biała Podlaska
33%
11 Świdniczanka Świdnik
29%
6 Wiślanie Jaśkowice
29%
1 KS Wieczysta Kraków
10%
16 Orlęta Radzyń Podlaska
0%
Nie znaleziono quizów pasujących do podanych kryteriów
Rozkład punktacji
Procent ludzi z każdym wynikiem
Percentyl według liczby udzielonych odpowiedzi
Twoja historia wyników
Nie rozwiązałeś tego quizu